Slurry walls as structural systems / (Record no. 546305)

000 -LEADER
fixed length control field 00657pam a2200193 a 4500
020 ## - INTERNATIONAL STANDARD BOOK NUMBER
International Standard Book Number 0070722161 (alk. paper)
082 00 - DEWEY DECIMAL CLASSIFICATION NUMBER
Classification number 624.15
Author Mark XAN
-- L-NUST, P-49
100 1# - MAIN ENTRY--PERSONAL NAME
Personal name Xanthakos, Petros P.
9 (RLIN) 42403
245 10 - TITLE STATEMENT
Title Slurry walls as structural systems /
Statement of responsibility, etc. Petros P. Xanthakos.
250 ## - EDITION STATEMENT
Edition statement 2nd ed.
260 ## - PUBLICATION, DISTRIBUTION, ETC.
Place of publication, distribution, etc. New York :
Name of publisher, distributor, etc. McGraw-Hill,
Date of publication, distribution, etc. c1994.
300 ## - PHYSICAL DESCRIPTION
Extent xvi, 855 p. :
Other physical details ill. ;
Dimensions 24 cm.
526 ## - STUDY PROGRAM INFORMATION NOTE
Program name 0
Interest level 0
Reading level 0
Title point value 624_150000000000000_XAN
650 #0 - SUBJECT ADDED ENTRY--TOPICAL TERM
Topical term or geographic name entry element Concrete walls
General subdivision Design and construction.
9 (RLIN) 42404
650 #0 - SUBJECT ADDED ENTRY--TOPICAL TERM
Topical term or geographic name entry element Diaphragm walls
General subdivision Design and construction.
9 (RLIN) 42405
650 #0 - SUBJECT ADDED ENTRY--TOPICAL TERM
Topical term or geographic name entry element NUST
9 (RLIN) 6342
650 #0 - SUBJECT ADDED ENTRY--TOPICAL TERM
Topical term or geographic name entry element Slurry trench construction.
9 (RLIN) 42406
942 ## - ADDED ENTRY ELEMENTS (KOHA)
Source of classification or shelving scheme
Koha item type Book
Holdings
Withdrawn status Lost status Source of classification or shelving scheme Damaged status Not for loan Permanent Location Current Location Date acquired Total Checkouts Full call number Barcode Date last seen Price effective from Koha item type
          Military College of Engineering (MCE) Military College of Engineering (MCE) 06/06/2014   624.15 XAN MCE-44681 06/06/2014 06/06/2014 Book
© 2023 Central Library, National University of Sciences and Technology. All Rights Reserved.